[Event "European Team-ch 2007"]
[Site "Crete GRE"]
[Date "2007.10.31"]
[Round "4.15"]
[White "Stefansson, Hannes"]
[Black "Pelletier, Yannick"]
[Result "0-1"]
[WhiteElo "2574"]
[BlackElo "2609"]
[PlyCount "56"]
[EventDate "2007.10.28"]
[EventType "team"]
[EventRounds "9"]
[EventCountry "GRE"]
[Source "lmi"]
[SourceDate "2007.10.28"]
[WhiteTeam "Iceland"]
[BlackTeam "Switzerland"]
[WhiteTeamCountry "ISL"]
[BlackTeamCountry "SUI"]

1. d4 Nf6 2. c4 e6 3. Nf3 b6 4. g3 Ba6 5. Qc2 Bb4+ 6. Nbd2 O-O 7. Bg2 d5 8. a3
Bxd2+ 9. Nxd2 c5 10. dxc5 bxc5 11. O-O Qb6 12. b3 Nc6 13. e3 Rad8 14. Rd1 d4
15. Nf3 e5 16. exd4 Nxd4 17. Nxd4 exd4 18. b4 Rc8 19. Rb1 Rfd8 20. Bg5 cxb4 21.
Rxb4 Qe6 22. Bf1 h6 23. Bc1 Ng4 24. Bh3 Rxc4 25. Qb2 Rxb4 26. axb4 Bb7 27. Rf1
Qd5 28. f3 Ne5 0-1

[Event "European Team-ch 2007"]
[Site "Crete GRE"]
[Date "2007.10.31"]
[Round "4.15"]
[White "Jenni, Florian"]
[Black "Steingrimsson, Hedinn"]
[Result "1/2-1/2"]
[WhiteElo "2511"]
[BlackElo "2533"]
[PlyCount "231"]
[EventDate "2007.10.28"]
[EventType "team"]
[EventRounds "9"]
[EventCountry "GRE"]
[Source "lmi"]
[SourceDate "2007.10.28"]
[WhiteTeam "Switzerland"]
[BlackTeam "Iceland"]
[WhiteTeamCountry "SUI"]
[BlackTeamCountry "ISL"]

1. e4 c5 2. Nf3 d6 3. d4 cxd4 4. Nxd4 Nf6 5. Nc3 a6 6. Be3 e6 7. Be2 Qc7 8. f4
Be7 9. O-O O-O 10. Qe1 b5 11. a3 Bb7 12. Bf3 Nbd7 13. Qg3 Rab8 14. Rae1 Kh8 15.
Kh1 Nb6 16. e5 Nfd5 17. Bxd5 Nxd5 18. Nxd5 Bxd5 19. c3 a5 20. Nf3 dxe5 21. fxe5
b4 22. axb4 axb4 23. Bg5 h6 24. Qh4 Bxg5 25. Nxg5 Kg8 26. Ne4 Bxe4 27. Qxe4
bxc3 28. bxc3 Qxc3 29. Rf3 Qc5 30. h3 Rb4 31. Qd3 Rd4 32. Qe3 Qd5 33. Kh2 Rc8
34. Rg3 Kh7 35. Qf2 Rc7 36. Ree3 Re4 37. Rxe4 Qxe4 38. Re3 Qd4 39. Qf3 Rc4 40.
Kg3 Qh4+ 41. Kh2 Qf4+ 42. Qxf4 Rxf4 43. g4 h5 44. Kg3 Rf1 45. Kg2 Rf4 46. Kg3
g5 47. Re2 Kg7 48. Re3 Kg6 49. Re2 Ra4 50. Kf3 Ra3+ 51. Kg2 Rb3 52. Kh2 Kg7 53.
Kg2 h4 54. Kh2 Kf8 55. Kg2 Ke8 56. Kh2 Ke7 57. Kg2 Ra3 58. Kh2 Rf3 59. Kg2 Rf4
60. Re3 Kd7 61. Rd3+ Kc7 62. Rd2 Kc6 63. Rd8 Re4 64. Rf8 Re2+ 65. Kg1 Kd5 66.
Rxf7 Kxe5 67. Rf8 Re3 68. Kg2 Rg3+ 69. Kh2 Ra3 70. Kg2 Ra2+ 71. Kg1 Rd2 72. Rf7
Rc2 73. Rf8 Rc5 74. Kg2 Kd4 75. Rg8 Ke3 76. Rg6 Re5 77. Rf6 Kd4 78. Rg6 Kd5 79.
Rg8 Kd6 80. Rg7 Rc5 81. Kf2 Rd5 82. Kg2 Kc5 83. Re7 Re5 84. Rd7 Kc6 85. Rd8 Rd5
86. Rg8 Kd7 87. Rg7+ Kd6 88. Kf2 Rd2+ 89. Kg1 Ke5 90. Rf7 Rd5 91. Kg2 Kd4 92.
Rg7 Ke3 93. Rg6 Re5 94. Rf6 Kd4 95. Rg6 Re2+ 96. Kg1 Re3 97. Kh2 e5 98. Rxg5 e4
99. Rh5 Re2+ 100. Kg1 e3 101. Ra5 Ke4 102. Ra8 Rd2 103. Kf1 Kf3 104. Rf8+ Kg3
105. g5 Rg2 106. Re8 Kh2 107. Rxe3 Rxg5 108. Rf3 Rg3 109. Kf2 Kxh3 110. Rf4
Rg2+ 111. Kf1 Rg8 112. Kf2 Ra8 113. Kg1 Kg3 114. Rf1 h3 115. Rb1 Ra3 116. Kh1
1/2-1/2

[Event "European Team-ch 2007"]
[Site "Crete GRE"]
[Date "2007.10.31"]
[Round "4.15"]
[White "Ekstroem, Roland"]
[Black "Kristjansson, Stefan"]
[Result "1/2-1/2"]
[WhiteElo "2478"]
[BlackElo "2458"]
[PlyCount "129"]
[EventDate "2007.10.28"]
[EventType "team"]
[EventRounds "9"]
[EventCountry "GRE"]
[Source "lmi"]
[SourceDate "2007.10.28"]
[WhiteTeam "Switzerland"]
[BlackTeam "Iceland"]
[WhiteTeamCountry "SUI"]
[BlackTeamCountry "ISL"]

1. d4 Nf6 2. Bg5 c5 3. Bxf6 gxf6 4. d5 Qb6 5. Qc1 f5 6. g3 Bg7 7. c3 Qd6 8. Bg2
b5 9. a4 Bb7 10. Qg5 Qg6 11. Qxg6 hxg6 12. axb5 d6 13. Nh3 Nd7 14. O-O Nb6 15.
Rd1 a6 16. bxa6 Bxa6 17. Nf4 Kd7 18. Nd2 Bh6 19. e3 g5 20. Nh3 Be2 21. Rdc1 Bd3
22. f4 gxf4 23. Nxf4 Nc4 24. Nxc4 Bxc4 25. Bf1 Bxf1 26. Kxf1 Rhb8 27. Rxa8 Rxa8
28. Rd1 Ra2 29. Rd2 Bg7 30. Ne2 e6 31. dxe6+ fxe6 32. Kf2 d5 33. Kf3 Kc6 34. g4
fxg4+ 35. Kxg4 Bf6 36. Kf3 Kd6 37. e4 Ra4 38. exd5 exd5 39. Nf4 d4 40. cxd4
Rxd4 41. Rxd4+ Bxd4 42. b3 Bf6 43. Ke4 Kc6 44. Nd5 Bg7 45. h4 Kb5 46. Nc7+ Kb4
47. Ne6 Bh6 48. h5 c4 49. bxc4 Kxc4 50. Nd8 Bd2 51. Nf7 Bc1 52. Ne5+ Kb5 53.
Kf5 Kb6 54. Nf7 Kc7 55. Ng5 Kd7 56. h6 Ke7 57. h7 Bb2 58. Kg6 Bh8 59. Nf7 Bb2
60. Nh6 Bh8 61. Ng8+ Ke6 62. Nh6 Ke7 63. Nf7 Bb2 64. h8=Q Bxh8 65. Nxh8 1/2-1/2

[Event "European Team-ch 2007"]
[Site "Crete GRE"]
[Date "2007.10.31"]
[Round "4.16"]
[White "Godena, Michele"]
[Black "Ivanovic, Bozidar"]
[Result "1/2-1/2"]
[WhiteElo "2535"]
[BlackElo "2434"]
[PlyCount "33"]
[EventDate "2007.10.28"]
[EventType "team"]
[EventRounds "9"]
[EventCountry "GRE"]
[Source "lmi"]
[SourceDate "2007.10.28"]
[WhiteTeam "Italy"]
[BlackTeam "MNE"]
[WhiteTeamCountry "ITA"]

1. e4 e5 2. Nf3 Nc6 3. d4 exd4 4. Nxd4 Bc5 5. Nxc6 Qf6 6. Qf3 bxc6 7. Nd2 Qxf3
8. Nxf3 Nf6 9. Bd3 O-O 10. O-O d5 11. exd5 cxd5 12. Bf4 Bb6 13. Rfe1 Bb7 14. a4
a5 15. Be3 Bxe3 16. Rxe3 Rfe8 17. Rae1 1/2-1/2

[Event "European Team-ch 2007"]
[Site "Crete GRE"]
[Date "2007.10.31"]
[Round "4.16"]
[White "Drasko, Milan"]
[Black "Caruana, Fabiano"]
[Result "1/2-1/2"]
[WhiteElo "2557"]
[BlackElo "2594"]
[PlyCount "36"]
[EventDate "2007.10.28"]
[EventType "team"]
[EventRounds "9"]
[EventCountry "GRE"]
[Source "lmi"]
[SourceDate "2007.10.28"]
[WhiteTeam "MNE"]
[BlackTeam "Italy"]
[BlackTeamCountry "ITA"]

1. d4 Nf6 2. c4 e6 3. Nc3 Bb4 4. Qc2 c5 5. dxc5 O-O 6. a3 Bxc5 7. Nf3 b6 8. Bg5
Nc6 9. e3 Be7 10. Be2 Bb7 11. O-O Rc8 12. Rfd1 h6 13. Bh4 Na5 14. Ne5 d6 15. b4
Nc6 16. Nf3 a6 17. Rac1 Nb8 18. Qd3 Rc7 1/2-1/2

[Event "European Team-ch 2007"]
[Site "Crete GRE"]
[Date "2007.10.31"]
[Round "4.16"]
[White "Brunello, Sabino"]
[Black "Blagojevic, Dragisa"]
[Result "1/2-1/2"]
[WhiteElo "2489"]
[BlackElo "2513"]
[PlyCount "54"]
[EventDate "2007.10.28"]
[EventType "team"]
[EventRounds "9"]
[EventCountry "GRE"]
[Source "lmi"]
[SourceDate "2007.10.28"]
[WhiteTeam "Italy"]
[BlackTeam "MNE"]
[WhiteTeamCountry "ITA"]

1. e4 e5 2. Nf3 Nc6 3. d4 exd4 4. Nxd4 Nf6 5. Nc3 Bb4 6. Nxc6 bxc6 7. Bd3 O-O
8. O-O d5 9. exd5 cxd5 10. Bg5 c6 11. Na4 h6 12. Bh4 Bd6 13. Re1 Be6 14. c3 Re8
15. Bc2 Be7 16. Qd4 Nd7 17. Bxe7 Rxe7 18. f4 Nf6 19. Nc5 Qd6 20. Re5 Nd7 21.
Nxd7 Bxd7 22. Rae1 Rxe5 23. Rxe5 a5 24. a3 Rb8 25. b4 axb4 26. cxb4 Rc8 27. Bb3
Be6 1/2-1/2

[Event "European Team-ch 2007"]
[Site "Crete GRE"]
[Date "2007.10.31"]
[Round "4.16"]
[White "Kosic, Dragan"]
[Black "D'amore, Carlo"]
[Result "1/2-1/2"]
[WhiteElo "2482"]
[BlackElo "2477"]
[PlyCount "30"]
[EventDate "2007.10.28"]
[EventType "team"]
[EventRounds "9"]
[EventCountry "GRE"]
[Source "lmi"]
[SourceDate "2007.10.28"]
[WhiteTeam "MNE"]
[BlackTeam "Italy"]
[BlackTeamCountry "ITA"]

1. d4 d5 2. Nf3 Nf6 3. c4 c6 4. e3 e6 5. Bd3 a6 6. O-O dxc4 7. Bxc4 b5 8. Be2
Nbd7 9. a4 b4 10. Nbd2 c5 11. e4 cxd4 12. e5 d3 13. Bxd3 Nc5 14. Bc2 Nd5 15.
Nc4 h6 1/2-1/2

[Event "European Team-ch 2007"]
[Site "Crete GRE"]
[Date "2007.10.31"]
[Round "4.17"]
[White "Efimov, Igor"]
[Black "Kotronias, Vasilios"]
[Result "1-0"]
[WhiteElo "2446"]
[BlackElo "2614"]
[PlyCount "53"]
[EventDate "2007.10.28"]
[EventType "team"]
[EventRounds "9"]
[EventCountry "GRE"]
[Source "lmi"]
[SourceDate "2007.10.28"]
[WhiteTeam "Monaco"]
[BlackTeam "Greece"]
[WhiteTeamCountry "MNC"]
[BlackTeamCountry "GRE"]

1. d4 Nf6 2. Bg5 Ne4 3. Bf4 c5 4. f3 Qa5+ 5. c3 Nf6 6. d5 Qb6 7. Bc1 e6 8. e4
exd5 9. exd5 c4 10. Nh3 Bc5 11. Nd2 Nxd5 12. Nxc4 Qe6+ 13. Be2 h6 14. Nf4 Nxf4
15. Bxf4 d5 16. b4 Bxb4 17. cxb4 dxc4 18. Bd6 Nc6 19. O-O Bd7 20. Rc1 O-O-O 21.
Bxc4 Qg6 22. Bg3 h5 23. Bd3 Qg5 24. b5 Be6 25. bxc6 Qe3+ 26. Bf2 Qxd3 27. Qa4
1-0

[Event "European Team-ch 2007"]
[Site "Crete GRE"]
[Date "2007.10.31"]
[Round "4.17"]
[White "Halkias, Stelios"]
[Black "Van Hoolandt, Patrick"]
[Result "1-0"]
[WhiteElo "2590"]
[BlackElo "2245"]
[PlyCount "65"]
[EventDate "2007.10.28"]
[EventType "team"]
[EventRounds "9"]
[EventCountry "GRE"]
[Source "lmi"]
[SourceDate "2007.10.28"]
[WhiteTeam "Greece"]
[BlackTeam "Monaco"]
[WhiteTeamCountry "GRE"]
[BlackTeamCountry "MNC"]

1. d4 Nf6 2. Nf3 e6 3. c4 Bb4+ 4. Bd2 c5 5. Bxb4 cxb4 6. g3 O-O 7. Bg2 d6 8.
O-O Nc6 9. a3 bxa3 10. Nxa3 Qe7 11. Nb5 a6 12. e3 Rd8 13. Nc3 e5 14. d5 Nb4 15.
Ne1 Qc7 16. b3 Bf5 17. e4 Bg4 18. Qd2 Rdc8 19. Na4 a5 20. Nd3 Nxd3 21. Qxd3 b6
22. Qe3 Rab8 23. Rfc1 Bd7 24. Nc3 Ng4 25. Qd2 Qc5 26. h3 Nf6 27. Nd1 Be8 28.
Ne3 Rb7 29. Nf5 Kh8 30. Qg5 Nh5 31. Qxh5 g6 32. Qh6 gxf5 33. Qf8# 1-0

[Event "European Team-ch 2007"]
[Site "Crete GRE"]
[Date "2007.10.31"]
[Round "4.17"]
[White "Iclicki, Willy"]
[Black "Mastrovasilis, Dimitrios"]
[Result "0-1"]
[WhiteElo "2147"]
[BlackElo "2559"]
[PlyCount "52"]
[EventDate "2007.10.28"]
[EventType "team"]
[EventRounds "9"]
[EventCountry "GRE"]
[Source "lmi"]
[SourceDate "2007.10.28"]
[WhiteTeam "Monaco"]
[BlackTeam "Greece"]
[WhiteTeamCountry "MNC"]
[BlackTeamCountry "GRE"]

1. d4 d5 2. c4 c6 3. Nc3 e5 4. cxd5 cxd5 5. e3 e4 6. Bb5+ Nc6 7. Nge2 Nf6 8.
Nf4 Bd6 9. a3 O-O 10. Bxc6 bxc6 11. Bd2 c5 12. Nce2 cxd4 13. Nxd4 Bxf4 14. exf4
Ba6 15. Be3 Rc8 16. Qa4 Bd3 17. Kd2 Ng4 18. Rac1 Rxc1 19. Rxc1 Nxh2 20. Qxa7
Nf1+ 21. Kc3 Nxe3 22. fxe3 Qc8+ 23. Kd2 Qg4 24. Rc7 Qxg2+ 25. Kc3 Qg1 26. Ne6
fxe6 0-1

[Event "European Team-ch 2007"]
[Site "Crete GRE"]
[Date "2007.10.31"]
[Round "4.17"]
[White "Papaioannou, Ioannis"]
[Black "Rapaire, Jean-Michel"]
[Result "1-0"]
[WhiteElo "2573"]
[BlackElo "1966"]
[PlyCount "71"]
[EventDate "2007.10.28"]
[EventType "team"]
[EventRounds "9"]
[EventCountry "GRE"]
[Source "lmi"]
[SourceDate "2007.10.28"]
[WhiteTeam "Greece"]
[BlackTeam "Monaco"]
[WhiteTeamCountry "GRE"]
[BlackTeamCountry "MNC"]

1. e4 c5 2. Nf3 d6 3. Bc4 Nf6 4. d3 g6 5. Ng5 e6 6. f4 Bg7 7. Bb3 O-O 8. Nd2 h6
9. Ngf3 Nc6 10. c3 b5 11. O-O Qb6 12. Kh1 Na5 13. Bc2 Bb7 14. Qe1 Rfe8 15. e5
dxe5 16. fxe5 Nh7 17. Ne4 Bxe4 18. Qxe4 Qb7 19. Qh4 Qe7 20. Qh3 h5 21. g4 hxg4
22. Qxg4 Nc6 23. Bf4 b4 24. h4 bxc3 25. bxc3 Qc7 26. h5 Ne7 27. hxg6 Nxg6 28.
Rf2 Nxf4 29. Qxf4 f5 30. Rg1 Re7 31. Qh4 Kh8 32. Rh2 Bf8 33. Bb3 Qb7 34. Rg3
Rg7 35. Qf6 Re8 36. Rgh3 1-0

[Event "European Team-ch 2007"]
[Site "Crete GRE"]
[Date "2007.10.31"]
[Round "4.18"]
[White "Polaczek, Richard"]
[Black "Antoniou, Antonis"]
[Result "1-0"]
[WhiteElo "2425"]
[BlackElo "2163"]
[PlyCount "55"]
[EventDate "2007.10.28"]
[EventType "team"]
[EventRounds "9"]
[EventCountry "GRE"]
[Source "lmi"]
[SourceDate "2007.10.28"]
[WhiteTeam "Belgium"]
[BlackTeam "Cyprus"]
[WhiteTeamCountry "BEL"]
[BlackTeamCountry "CYP"]

1. d4 Nf6 2. Nf3 e6 3. c4 d5 4. Nc3 Nbd7 5. Bg5 c6 6. e3 Be7 7. Qc2 O-O 8. Rd1
Re8 9. a3 Nf8 10. Bd3 N6d7 11. Bf4 Ng6 12. Bg3 Ndf8 13. h4 Bd6 14. h5 Ne7 15.
Bxd6 Qxd6 16. Ng5 f5 17. h6 g6 18. c5 Qd8 19. b4 Qc7 20. f4 Kh8 21. Nf7+ Kg8
22. Nd6 Rd8 23. Qf2 Nd7 24. Qh4 Kf8 25. g4 fxg4 26. Qg5 a5 27. Bxg6 Nxg6 28.
Ncb5 1-0

[Event "European Team-ch 2007"]
[Site "Crete GRE"]
[Date "2007.10.31"]
[Round "4.18"]
[White "Laurent, Bruno"]
[Black "Klerides, Paris"]
[Result "0-1"]
[WhiteElo "2359"]
[BlackElo "2183"]
[PlyCount "128"]
[EventDate "2007.10.28"]
[EventType "team"]
[EventRounds "9"]
[EventCountry "GRE"]
[Source "lmi"]
[SourceDate "2007.10.28"]
[WhiteTeam "Belgium"]
[BlackTeam "Cyprus"]
[WhiteTeamCountry "BEL"]
[BlackTeamCountry "CYP"]

1. e4 d6 2. d4 Nf6 3. Nc3 g6 4. f4 Bg7 5. Nf3 c5 6. Bb5+ Bd7 7. e5 Ng4 8. Bxd7+
Qxd7 9. d5 dxe5 10. h3 e4 11. hxg4 exf3 12. Qxf3 Na6 13. Bd2 O-O-O 14. O-O-O
Nc7 15. Be1 f5 16. gxf5 Qxf5 17. g4 Qf7 18. f5 h5 19. Bg3 hxg4 20. Qf4 Rd7 21.
Rxh8+ Bxh8 22. Nb5 Qxf5 23. Nxc7 Qxf4+ 24. Bxf4 g5 25. Bg3 Rxc7 26. Bxc7 Kxc7
27. Kd2 Kd6 28. Ke2 b5 29. Kf2 Bxb2 30. Kg3 b4 31. Kxg4 Bd4 32. Kxg5 Kxd5 33.
Kf4 a5 34. Rh1 a4 35. Rh6 Kc4 36. Rh3 Kd5 37. Rh6 e5+ 38. Kf3 e4+ 39. Ke2 Kc4
40. Ra6 a3 41. Kd1 Kc3 42. Kc1 Be3+ 43. Kb1 Bf2 44. Re6 Kd4 45. Kc1 Be3+ 46.
Kd1 c4 47. Rb6 Kc3 48. Re6 b3 49. cxb3 cxb3 50. axb3 a2 51. Ke2 Bd4 52. Ra6 Kb2
53. Ra4 a1=Q 54. Rxd4 Qh1 55. Rd2+ Kxb3 56. Rd5 Qf3+ 57. Ke1 Kc4 58. Rd2 e3 59.
Rc2+ Kd4 60. Rc4+ Kd5 61. Rc5+ Kd6 62. Rc2 Qg3+ 63. Ke2 Kd5 64. Rc3 Qf2+ 0-1

[Event "European Team-ch 2007"]
[Site "Crete GRE"]
[Date "2007.10.31"]
[Round "4.18"]
[White "Kassinopoullos, Doros"]
[Black "Gulbas, Cemil"]
[Result "0-1"]
[WhiteElo "2121"]
[BlackElo "2365"]
[PlyCount "44"]
[EventDate "2007.10.28"]
[EventType "team"]
[EventRounds "9"]
[EventCountry "GRE"]
[Source "lmi"]
[SourceDate "2007.10.28"]
[WhiteTeam "Cyprus"]
[BlackTeam "Belgium"]
[WhiteTeamCountry "CYP"]
[BlackTeamCountry "BEL"]

1. e4 c5 2. Nf3 e6 3. d4 cxd4 4. Nxd4 Nc6 5. Nc3 a6 6. Be3 Nf6 7. Bd3 Qc7 8.
Qe2 Be7 9. O-O d6 10. f4 O-O 11. Nxc6 bxc6 12. g4 Nd7 13. g5 Re8 14. f5 exf5
15. Rxf5 Ne5 16. Raf1 Bxf5 17. exf5 Bf8 18. Bd4 d5 19. Qh5 Qd6 20. Rf4 Nxd3 21.
Rh4 Re1+ 22. Kg2 Nf4+ 0-1

[Event "European Team-ch 2007"]
[Site "Crete GRE"]
[Date "2007.10.31"]
[Round "4.19"]
[White "Muir, Andrew J"]
[Black "Berend, Fred"]
[Result "1-0"]
[WhiteElo "2367"]
[BlackElo "2344"]
[PlyCount "106"]
[EventDate "2007.10.28"]
[EventType "team"]
[EventRounds "9"]
[EventCountry "GRE"]
[Source "lmi"]
[SourceDate "2007.10.28"]
[WhiteTeam "Scotland"]
[BlackTeam "Luxembourg"]
[WhiteTeamCountry "SCO"]
[BlackTeamCountry "LUX"]

1. d4 Nf6 2. c4 e6 3. Nc3 Bb4 4. e3 O-O 5. Bd3 d5 6. Nf3 c5 7. O-O Nc6 8. a3
Bxc3 9. bxc3 dxc4 10. Bxc4 Qc7 11. Ba2 e5 12. h3 b6 13. d5 e4 14. dxc6 exf3 15.
Qxf3 Ba6 16. c4 Rae8 17. Bb2 Ne4 18. Rfd1 Qxc6 19. Rd5 Bb7 20. Rd3 Qg6 21. Rad1
Nd2 22. Qg4 Qxg4 23. hxg4 Ne4 24. Rd7 Bc8 25. Rxa7 Ng5 26. Rd6 Bxg4 27. Rxb6
Rd8 28. Be5 Rd1+ 29. Kh2 h5 30. Rab7 f6 31. Bd6 Rd8 32. Bxc5 Ne4 33. Bd4 Nxf2
34. c5+ Kh7 35. Rb1 Rd3 36. R7b3 Bf5 37. Rxd3 Bxd3 38. Rb7 Kh6 39. c6 Bf5 40.
c7 Rd6 41. Bb1 Bd7 42. Kg3 Nh1+ 43. Kh2 Nf2 44. Kg1 Ng4 45. Be4 Ra6 46. Rb3 Ra4
47. Bd5 Kg5 48. Kf1 Bf5 49. Ke2 Kh4 50. Rc3 Bc8 51. Bc6 Ra5 52. a4 Rf5 53. e4
Rf4 1-0

[Event "European Team-ch 2007"]
[Site "Crete GRE"]
[Date "2007.10.31"]
[Round "4.19"]
[White "Bakalarz, Mietek"]
[Black "Ruxton, Keith"]
[Result "1-0"]
[WhiteElo "2342"]
[BlackElo "2314"]
[PlyCount "103"]
[EventDate "2007.10.28"]
[EventType "team"]
[EventRounds "9"]
[EventCountry "GRE"]
[Source "lmi"]
[SourceDate "2007.10.28"]
[WhiteTeam "Luxembourg"]
[BlackTeam "Scotland"]
[WhiteTeamCountry "LUX"]
[BlackTeamCountry "SCO"]

1. d4 Nf6 2. Nf3 g6 3. c4 Bg7 4. Nc3 d6 5. Bf4 Nh5 6. Be3 O-O 7. g3 Nd7 8. g4
Nhf6 9. h3 e5 10. Bg2 exd4 11. Bxd4 c5 12. Be3 Nb6 13. Nd2 Be6 14. Bxb7 Rb8 15.
Bg2 Bxc4 16. O-O Nfd5 17. Nxc4 Nxc3 18. bxc3 Nxc4 19. Bf4 Qf6 20. e3 Qe7 21.
Qd5 Ne5 22. Rfd1 Rfd8 23. Rab1 Rxb1 24. Rxb1 h6 25. a4 g5 26. Bg3 a5 27. Rb5
Ng6 28. Rb7 Qe6 29. c4 Be5 30. Be4 Qxd5 31. Bxd5 Rf8 32. Kg2 Kg7 33. Ra7 Kf6
34. Rxa5 Bxg3 35. Kxg3 Rb8 36. Rb5 Rf8 37. Rb7 Ne7 38. Rd7 Nxd5 39. Rxd6+ Ke7
40. Rxd5 Ra8 41. Rxc5 Rxa4 42. h4 f6 43. Rc7+ Kd6 44. Rh7 gxh4+ 45. Kxh4 Rxc4
46. Rxh6 Ke6 47. Kg3 Kf7 48. Rh5 Rc1 49. Rd5 Rg1+ 50. Kf4 Kg6 51. f3 Ra1 52. g5
1-0

[Event "European Team-ch 2007"]
[Site "Crete GRE"]
[Date "2007.10.31"]
[Round "4.19"]
[White "Grant, Jonathan"]
[Black "Brittner, Serge"]
[Result "1-0"]
[WhiteElo "2261"]
[BlackElo "2274"]
[PlyCount "140"]
[EventDate "2007.10.28"]
[EventType "team"]
[EventRounds "9"]
[EventCountry "GRE"]
[Source "lmi"]
[SourceDate "2007.10.28"]
[WhiteTeam "Scotland"]
[BlackTeam "Luxembourg"]
[WhiteTeamCountry "SCO"]
[BlackTeamCountry "LUX"]

1. c4 Nf6 2. Nc3 c5 3. g3 e6 4. Nf3 b6 5. Bg2 Bb7 6. O-O Be7 7. Re1 Ne4 8. d4
Nxc3 9. bxc3 Be4 10. Bf1 d6 11. Nd2 Bb7 12. e4 O-O 13. Bd3 cxd4 14. cxd4 Nc6
15. Bb2 Rc8 16. f4 Bf6 17. Nf3 Na5 18. Rc1 Ba6 19. Qe2 d5 20. cxd5 Rxc1 21.
Bxc1 Bxd3 22. Qxd3 exd5 23. Ba3 Re8 24. e5 Be7 25. Bxe7 Rxe7 26. Ng5 g6 27. f5
Nc4 28. f6 Re8 29. e6 Nd6 30. Qf3 h6 31. e7 Qd7 32. h4 hxg5 33. hxg5 Ne4 34.
Qf4 Qh3 35. Qh4 Qxg3+ 36. Qxg3 Nxg3 37. Re5 Nf5 38. Kf2 a5 39. a4 Nxd4 40. Rxd5
Ne6 41. Ke1 Kh7 42. Kd2 Rc8 43. Kd1 Kg8 44. Kd2 Kh7 45. Ke3 Ra8 46. Ke4 b5 47.
Rxb5 Nc7 48. Rc5 Ne8 49. Rd5 Ra6 50. Rd8 Re6+ 51. Kd4 Nc7 52. Rc8 Ne8 53. Kc5
Ra6 54. Rc6 Ra8 55. Kb6 Rb8+ 56. Kxa5 Rb7 57. Ka6 Rd7 58. Kb6 Rd4 59. a5 Rb4+
60. Kc5 Rg4 61. a6 Rxg5+ 62. Kb6 Rg1 63. a7 Ra1 64. Kb7 Rxa7+ 65. Kxa7 g5 66.
Kb7 g4 67. Kc8 g3 68. Rc3 Kg6 69. Kd8 g2 70. Rg3+ Kxf6 1-0

[Event "European Team-ch 2007"]
[Site "Crete GRE"]
[Date "2007.10.31"]
[Round "4.19"]
[White "Gengler, Pierre"]
[Black "Morrison, Graham"]
[Result "1/2-1/2"]
[WhiteElo "2195"]
[BlackElo "2322"]
[PlyCount "80"]
[EventDate "2007.10.28"]
[EventType "team"]
[EventRounds "9"]
[EventCountry "GRE"]
[Source "lmi"]
[SourceDate "2007.10.28"]
[WhiteTeam "Luxembourg"]
[BlackTeam "Scotland"]
[WhiteTeamCountry "LUX"]
[BlackTeamCountry "SCO"]

1. e4 c5 2. Nc3 Nc6 3. Nge2 e6 4. d4 cxd4 5. Nxd4 d6 6. g3 Nf6 7. Bg2 Bd7 8.
O-O Be7 9. Ndb5 Qb8 10. Bg5 a6 11. Bxf6 gxf6 12. Nd4 h5 13. h4 Ne5 14. Nde2 Qc7
15. Nf4 O-O-O 16. Nce2 Rdg8 17. c4 Kb8 18. b3 Qc5 19. a4 Bd8 20. Qd2 Ba5 21.
Qd4 Qc7 22. Rad1 Bb4 23. Nd3 Nxd3 24. Rxd3 Rh6 25. Qe3 Rh7 26. Nf4 Bc6 27. Qe2
Qa5 28. Re3 Bd2 29. Rf3 f5 30. exf5 Bxf4 31. Rxf4 e5 32. Rf3 Bxf3 33. Bxf3 Qb6
34. Kh2 f6 35. Rb1 a5 36. Kg2 Qd4 37. Qe4 Qxe4 38. Bxe4 Ka7 39. Rd1 Rd8 40. Rd5
b6 1/2-1/2

[Event "European Team-ch 2007"]
[Site "Crete GRE"]
[Date "2007.11.01"]
[Round "5.1"]
[White "Mamedyarov, Shakhriyar"]
[Black "Svidler, Peter"]
[Result "0-1"]
[WhiteElo "2752"]
[BlackElo "2732"]
[PlyCount "70"]
[EventDate "2007.10.28"]
[EventType "team"]
[EventRounds "9"]
[EventCountry "GRE"]
[Source "lmi"]
[SourceDate "2007.10.28"]
[WhiteTeam "Azerbaijan"]
[BlackTeam "Russia"]
[WhiteTeamCountry "AZE"]
[BlackTeamCountry "RUS"]

1. d4 d5 2. c4 c6 3. Nc3 Nf6 4. Nf3 e6 5. Bg5 h6 6. Bxf6 Qxf6 7. Qb3 dxc4 8.
Qxc4 Nd7 9. g3 e5 10. O-O-O Be7 11. Ne4 Qf5 12. Qc2 O-O 13. Kb1 Nf6 14. Nxf6+
Bxf6 15. dxe5 Bxe5 16. Nxe5 Qxe5 17. f4 Qh5 18. e4 Bg4 19. Re1 Rad8 20. Be2 Rd4
21. Bxg4 Qxg4 22. e5 Rfd8 23. Re2 g6 24. Rc1 Rd3 25. a3 Qe6 26. Qc4 R8d5 27.
Ka1 a5 28. Qc2 h5 29. Rf1 b5 30. Ref2 Qf5 31. Re1 c5 32. e6 fxe6 33. Rfe2 Rd6
34. Qc1 Qd5 35. Re5 Qb3 0-1

[Event "European Team-ch 2007"]
[Site "Crete GRE"]
[Date "2007.11.01"]
[Round "5.1"]
[White "Morozevich, Alexander"]
[Black "Radjabov, Teimour"]
[Result "1-0"]
[WhiteElo "2755"]
[BlackElo "2742"]
[PlyCount "103"]
[EventDate "2007.10.28"]
[EventType "team"]
[EventRounds "9"]
[EventCountry "GRE"]
[Source "lmi"]
[SourceDate "2007.10.28"]
[WhiteTeam "Russia"]
[BlackTeam "Azerbaijan"]
[WhiteTeamCountry "RUS"]
[BlackTeamCountry "AZE"]

1. e4 c5 2. Nf3 Nc6 3. d4 cxd4 4. Nxd4 Nf6 5. Nc3 e5 6. Ndb5 d6 7. Bg5 a6 8.
Na3 b5 9. Nd5 Be7 10. Nxe7 Nxe7 11. Bd3 d5 12. exd5 Qxd5 13. Qd2 Ne4 14. Qe3
Nxg5 15. Qxg5 Qc5 16. O-O-O O-O 17. Rhe1 f6 18. Qe3 Qxe3+ 19. Rxe3 Be6 20. Be4
Rad8 21. Rxd8 Rxd8 22. b3 Kf7 23. Rd3 Rxd3 24. Bxd3 f5 25. c4 b4 26. Nc2 e4 27.
Be2 a5 28. f4 exf3 29. Bxf3 g5 30. Kd2 Kf6 31. Nd4 Bc8 32. Ba8 h6 33. Kd3 f4
34. Ke4 h5 35. c5 h4 36. h3 Ba6 37. Nc6 Bf1 38. Kf3 Nxc6 39. Bxc6 Ke5 40. Kg4
Kd4 41. Kxg5 Kxc5 42. Bf3 a4 43. bxa4 Bc4 44. a5 Bxa2 45. a6 Kb6 46. Kxh4 Kxa6
47. Kg5 Kb6 48. Kxf4 Kc5 49. Ke5 Bb1 50. Bd5 Bc2 51. h4 Bd1 52. Bf7 1-0

[Event "European Team-ch 2007"]
[Site "Crete GRE"]
[Date "2007.11.01"]
[Round "5.1"]
[White "Gashimov, Vugar"]
[Black "Grischuk, Alexander"]
[Result "1/2-1/2"]
[WhiteElo "2663"]
[BlackElo "2715"]
[PlyCount "32"]
[EventDate "2007.10.28"]
[EventType "team"]
[EventRounds "9"]
[EventCountry "GRE"]
[Source "lmi"]
[SourceDate "2007.10.28"]
[WhiteTeam "Azerbaijan"]
[BlackTeam "Russia"]
[WhiteTeamCountry "AZE"]
[BlackTeamCountry "RUS"]

1. e4 e5 2. Nf3 Nc6 3. Bb5 a6 4. Ba4 Nf6 5. O-O Be7 6. Re1 b5 7. Bb3 O-O 8. a4
b4 9. d4 d6 10. h3 exd4 11. Nxd4 Na5 12. c3 Rb8 13. Bc2 c5 14. cxb4 Rxb4 15.
Nf3 Be6 16. Nbd2 Qb8 1/2-1/2